| 000 | 00408nam a2200169Ia 4500 | ||
|---|---|---|---|
| 008 | 230524s9999 xx 000 0 und d | ||
| 020 | _a9789339219726 | ||
| 082 | _bNAG | ||
| 100 |
_aPraveen Nagarajan _942893 |
||
| 245 | 0 | _aPrestressed Concrete Design | |
| 250 | _a1 | ||
| 260 |
_aNew Delhi _bPearson _c2016 |
||
| 300 | _a"XIII,307p;" | ||
| 500 | _aQuantity Number: 1 | ||
| 650 | _aCivil | ||
| 942 | _cBK | ||
| 999 |
_c57863 _d57863 |
||